| 000 | 00657nam a2200205Ii 4500 | ||
|---|---|---|---|
| 003 | JO-AjNU | ||
| 008 | 230605s9999||||xx |||||||||||||| ||und|| | ||
| 040 |
_aJO-AjNU _bara _erda _cJO-AjNU |
||
| 041 | _aara | ||
| 050 | 1 | 4 | _aD21.3 2001 |
| 100 | 3 |
_aاعداد مجيد، فريد, _eauthor _940694 |
|
| 245 | 0 | 0 | _aأسرار وخفايا الفراعنة |
| 250 | _aط1 | ||
| 264 | 3 | 1 | _aعمان: دار اسامة، 2001 |
| 300 | _a159ص | ||
| 336 |
_atext _btxt _2rdacontent |
||
| 337 |
_aunmediated _bn _2rdamedia |
||
| 338 |
_avolume _bnc _2rdacarrier |
||
| 650 | 4 |
_aفراعنة -- تاريخ. مصر--حضارة -مصر- تاريخ قديم _940695 |
|
| 999 |
_aA17291 _c20859 _d20859 |
||